La province d'Artois de A à Z - Statistiques

Statistiques générales
  • Ce quiz a été pris 6 fois
  • Le résultat moyen est 6 sur 26
Statistiques - réponses
Lettre Question Réponse % Correct
C Titre des seigneurs d'Artois Comte
67%
V Bagnard puis chef de la police artésien de naissance (prénom et nom) François Vidocq
50%
J Reine de France de 1316 à 1322 et comtesse d'Artois Jeanne
50%
L Ville accueillant le 2e Louvre de France Lens
50%
T "Montagnes" de déchet de l'exploitation minière Terrils
50%
A Le navigateur Eric de Bisschop y est né en 1891 (4 mots) Aire-sur-la-Lys
33%
R Révolutionnaire né à Arras (prénom et nom) Maximilien de Robespierre
33%
M Abbaye proche d'Arras dont il ne reste que des ruines (3 mots) Mont-Saint-Eloi
33%
W Evangélisateur de l'Artois Waast
33%
X Comte d'Artois, devenu roi de France sous le nom de Charles X
33%
B Saint honoré par l'abbaye bénédictine de Saint-Omer Bertin
17%
E En 1789, ils se réunissent à Arras, les... (3 mots) Etats d'Artois
17%
F Bourg au coeur des Sept Vallées Fruges
17%
H L'auteur de Manon Lescaut il est né en 1697 Hesdin
17%
I Ce roi a donné l'Artois en apanage à son frère Robert, Louis0... IX
17%
K Moine anachorète mort à Aubigny-en-Artois Kilian
17%
N Ce traité de paix fait disparaitre l'Artois qui est intégré à la France Nimègue
17%
P Duc de Bourgogne de 1419 à 1467 et comte d'Artois Philippe
17%
D Dernier écartelé de France pour avoir blessé Louis XV né en Artois (prénom et nom) Robert-François Damiens
17%
U Commune sur la Lys du Pas-de-Calais disparue en 1822 par fusion avec une autre Upen
17%
Y Seule commune d'Artois commençant cette lettre Ytres
17%
Z Commune de la Dame aux loups Zutkerque
17%
G Personnage légendaire de la région de Saint-Pol-sur-Ternoise Goblin
0%
Q Auteur d'Effroyables Jardins (prénom et nom) Michel Quint
0%
O Mari de Mahaut d'Artois Othon IV
0%
S Evêché d'Artois Saint-Omer
0%
Aucun quiz correspondant
Distribution des résultats
% des personnes avec chaque résultat
Percentile par nombre de réponses
Votre historique - résultats
Vous n’avez pas pris ce quiz